Logo BPK

Biblioteka

Politechniki Koszalińskiej

Aldus FreeHand 3.1 : (Rekord nr 6806)

Szczegóły MARC
000 -ETYKIETA REKORDU
podpole kontrolne o stałej długości 01519nam a2200481 i 4500
001 - NUMER KONTROLNY REKORDU
pole kontrolne 6806
003 - IDENTYFIKATOR NUMERU KONTROLNEGO REKORDU
podpole kontrolne KOSZ 005
005 - DATA OSTATNIEJ MODYFIKACJI REKORDU
podpole kontrolne 20200420080313.0
008 - POLE O STAŁEJ DŁUGOŚCI - DANE KONTROLNE
podpole kontrolne o stałej długości 121003s1993 pl f |001 0 pol
015 ## - NUMER BIBLIOGRAFII NARODOWEJ
Numer bibliografii narodowej UWD 2012/31852
020 ## - MIĘDZYNARODOWY ZNORMALIZOWANY NUMER KSIĄŻKI - ISBN
ISBN 8390136007
035 ## - NUMER SYSTEMOWY
Numer systemowy przejętego rekordu 991011838479705066
035 ## - NUMER SYSTEMOWY
Numer systemowy przejętego rekordu (PL-WaBN)b27711791-48omnis_nlop
035 ## - NUMER SYSTEMOWY
Numer systemowy przejętego rekordu b27711791
035 ## - NUMER SYSTEMOWY
Numer systemowy przejętego rekordu (OCoLC)751521819
035 ## - NUMER SYSTEMOWY
Numer systemowy przejętego rekordu (PL)b0000002771179
035 ## - NUMER SYSTEMOWY
Numer systemowy przejętego rekordu (EXLNZ-48OMNIS_NETWORK)9910380084705606
040 ## - ŹRÓDŁO KATALOGOWANIA
Instytucja, która sporządziła opis WA N
Instytucja, która utworzyła rekord WA N
Instytucja, która dokonała modyfikacji KOSZ 005/AR
-- KOSZ 005/HR
041 ## - KOD JĘZYKA
Kod języka tekstu pol
044 ## - KOD KRAJU WYDAWCY/PRODUCENTA
Kod kraju wydawcy/producenta pl
080 ## - UNIWERSALNA KLASYFIKACJA DZIESIĘTNA - UKD
UKD 004.42
080 ## - UNIWERSALNA KLASYFIKACJA DZIESIĘTNA - UKD
UKD 004.92
080 ## - UNIWERSALNA KLASYFIKACJA DZIESIĘTNA - UKD
UKD (07)
100 1# - NAZWA OSOBOWA
Nazwa osobowa Jurek, Janusz Wojciech
Daty związane z nazwą (1968- )
Określenie rodzaju współpracy Autor
245 10 - TYTUŁ/ODPOWIEDZIALNOŚĆ
Tytuł Aldus FreeHand 3.1 :
Ciąg dalszy tytułu profesjonalny program graficzny /
Pozostałe elementy strefy tytułu i oznaczenia odpowiedzialności Janusz Wojciech Jurek.
260 ## - STREFA ADRESU WYDAWNICZEGO
Miejsce wydania Kraków :
Nazwa wydawcy/dystrybutora Wydawnictwo "DMM",
Data publikacji, dystrybucji/powstania dokumentu 1993.
300 ## - STREFA OPISU FIZYCZNEGO
Objętość 227 stron :
Inne cechy fizyczne ilustracje ;
Rozmiary 24 cm.
336 ## - TYP ZAWARTOŚCI
Termin opisujący typ zawartości Tekst
Kod określający zawartość txt
Źródło (terminu i kodu) rdacontent
337 ## - TYP MEDIÓW
Tryb odtwarzania Bez urządzenia pośredniczącego
Kod typu mediów n
Źródło (terminu i kodu) rdamedia
338 ## - TYP/RODZAJ NOŚNIKA
Hasło opisujące typ nośnika Wolumin
Kod typu nośnika nc
Źródło (terminu i kodu) rdacarrier
380 ## - FORMA I TYP PUBLIKACJI
Forma i typ publikacji Książki
388 ## - CZAS POWSTANIA
Czas powstania 1901-2000
388 ## - CZAS POWSTANIA
Czas powstania 1989-2000
504 ## - UWAGA DOTYCZĄCA BIBLIOGRAFII
Informacje o bibliografii Indeks.
650 #7 - HASŁO PRZEDMIOTOWE W FORMIE NAZWY OGÓLNEJ LUB JEDNOSTKOWEJ
Nazwa ogólna lub geograficzna FreeHand
Źródło hasła lub terminu DBN
650 #7 - HASŁO PRZEDMIOTOWE W FORMIE NAZWY OGÓLNEJ LUB JEDNOSTKOWEJ
Nazwa ogólna lub geograficzna Programy graficzne
Źródło hasła lub terminu DBN
655 #7 - TERMIN INDEKSOWY - OKREŚLENIE RODZAJU/FORMY DOKUMENTU
Określenie rodzaju/formy dokumentu Podręcznik
Źródło terminu DBN
658 ## - TERMIN INDEKSOWY - PRZEDMIOT PROGRAMU NAUCZANIA
Główny przedmiot programu nauczania Informatyka i technologie informacyjne
710 ## - HASŁO DODATKOWE - NAZWA CIAŁA ZBIOROWEGO
Kod określenia powiązania pbl
Nazwa ciała zbiorowego lub jednostki geograficznej Wydawnictwo "DMM"
856 ## - LOKALIZACJA I DOSTĘP DO ELEKTRONICZNYCH DOKUMENTÓW ZDALNYCH
Link (URL) http://koha.tu.koszalin.pl/cgi-bin/koha/opac-detail.pl?biblionumber=6806
Tekst linku Katalog online BPK
942 ## - DODATKOWE ELEMENTY (KOHA)
Schemat klasyfikacji Uniwersalna Klasyfikacja Dziesiętna
Typ dokumentu Książka
Egzemplarze
Wycofany Status egzemplarza Uszkodzony Dostępność Lokalizacja stała Lokalizacja bieżąca Miejsce przechowywania Sygnatura Kod kreskowy Typ dokumentu
      Dostępny Biblioteka Politechniki Koszalińskiej Biblioteka Politechniki Koszalińskiej Wypożyczalnia BG P 48821 01222807 Książka
© 2023 Biblioteka Politechniki Koszalińskiej :: KOHA